000 00485nam a22001577a 4500
003 macl
005 20161109171828.0
008 macl
040 _cmacl
082 _a332
100 _a कुन्दन के
_966187
245 _a20 मॉक टेस्ट IBPS Bank PO?MT प्रारंभिक
260 _aदिल्ली
_bबी एस सी. पब्लिशिंग क. प्रा. लि.
_c2015
650 _aबैंक
_966305
942 _2ddc
_cHIN
_k332
999 _c55624
_d55624